| 000 | 00639nam a2200229 i 4500 | ||
|---|---|---|---|
| 001 | 15557 | ||
| 003 | ES-MaACL | ||
| 005 | 20250824222442.0 | ||
| 007 | t| | ||
| 008 | 000330s1977 sp ||||1| spa d | ||
| 020 | _a84-85272-11-0 | ||
| 080 | _a821.134.2-14"19" | ||
| 100 | 1 |
_aBallestero, Manuel. _925031 |
|
| 245 | 1 | 0 |
_aCiudad interior _b: poesía / _cManuel Ballestero. |
| 250 | _a1ª ed. | ||
| 260 |
_aMadrid : _bHiperión, _c1977. |
||
| 300 |
_a100 p. ; _c21 cm. |
||
| 490 | 1 |
_aLibros Hiperión ; _v24 |
|
| 830 | 0 | 0 |
_aLibros Hiperión _v24 _9178016 |
| 852 |
_aES-MaACL _jL-22727 _bR.128129 |
||
| 999 |
_c15557 _d15557 |
||